00290nam a2200121Ia 4500008004100000041000800041082001200049100001900061245002600080260003100106300002400137365000700161240624s9999 xx 000 0 und d aeng a650 KOC aKOCHHAR SAMEER aGROWTH AND GOVERNANCE c2014aGurgaonbSkoch Media a280 : p. : cm. ; 22 cRS